| 000 | 00801nam a22002417a 4500 | ||
|---|---|---|---|
| 003 | LK-CoDNM | ||
| 005 | 20241028115319.0 | ||
| 008 | 241015b |||||||| |||| 00| 0 eng d | ||
| 040 |
_aLK-CoDNM _dLK-CoDNM _eLK-CoDNM |
||
| 041 | _asin | ||
| 080 |
_aප්ර.ව _b49 |
||
| 100 | _aකේ. ඇම්. සිරිසේන | ||
| 245 |
_aවෙළදාම-1944 _b2 කාණ්ඩය 12 කලාපය |
||
| 260 |
_aකොළඹ _bඇම් ඩී ගුණසේන හා සමාගම _c1944 |
||
| 300 | _b16p. ; 25 cm | ||
| 650 | _aවෙළදාම-1944 | ||
| 650 | _a2 කාණ්ඩය 12 කලාපය | ||
| 650 | _aමාසික සගරාව | ||
| 650 | _aප්ර.ව 49 | ||
| 650 | _a1944 | ||
| 650 | _aකේ. ඇම්. සිරිසේන | ||
| 942 | _cBK | ||
| 999 |
_c223572 _d223572 |
||